Les Meilleurs buteurs de la Liga 2011-2012 - Statistiques

Statistiques générales
  • Ce quiz a été pris 63 fois
  • Le résultat moyen est 5 sur 10
Statistiques - réponses
Buts Nationalité Club Joueur % Correct
46 Portugal Real Madrid Cristiano Ronaldo
100%
50 Argentine FC Barcelone Lionel Messi
100%
24 Colombie Atlético Madrid Radamel Falcao
85%
22 Argentine Real Madrid Gonzalo Higuaín
78%
22 France Côte d'Ivoire Karim Benzema
47%
17 Espagne Valence CF Roberto Soldado
25%
17 Espagne Athletic Bilbao Fernando Llorente
15%
15 Côte d'Ivoire Levante UD Arouna Koné
0%
15 Espagne Rayo Vallecano Michu
0%
16 Espagne Bétis Séville Rubén Castro
0%
Aucun quiz correspondant
Distribution des résultats
% des personnes avec chaque résultat
Percentile par nombre de réponses
Votre historique - résultats
Vous n’avez pas pris ce quiz